داغ ثمر : (Record no. 191866)
[ view plain ]
| 000 -LEADER | |
|---|---|
| fixed length control field | 00657nam a22001937a 4500 |
| 005 - DATE AND TIME OF LATEST TRANSACTION | |
| control field | 20220906110303.0 |
| 010 ## - LCCN (DPL NO) | |
| LC control number | UR-11706 |
| 020 ## - INTERNATIONAL STANDARD BOOK NUMBER | |
| International Standard Book Number | 9789392496370 |
| Terms of availability | 300.00 |
| 035 ## - SYSTEM CONTROL NUMBER | |
| System control number | U-10261 |
| 037 ## - SOURCE OF ACQUISITION | |
| Source of stock number/acquisition | DBAD/PUB |
| Stock number | - |
| 082 ## - DEWEY DECIMAL CLASSIFICATION NUMBER | |
| Classification number | 841 |
| 100 ## - MAIN ENTRY--PERSONAL NAME | |
| Personal name | شہود ثمر |
| 245 ## - TITLE STATEMENT | |
| Title | داغ ثمر : |
| Remainder of title | شعری مجموع / |
| Statement of responsibility, etc | شہود ثمر |
| Medium | ا ر د و |
| 246 ## - VARYING FORM OF TITLE | |
| Title proper/short title | Dagh-E-Samar (A collection of Ghazals, Nazm and Qatat) / |
| Remainder of title | by Shahood Samar |
| 260 ## - PUBLICATION, DISTRIBUTION, ETC. (IMPRINT) | |
| Place of publication, distribution, etc | New Delhi |
| Name of publisher, distributor, etc | Educational Publishing House |
| Date of publication, distribution, etc | 2022 ء |
| 270 ## - ADDRESS | |
| Address | H.O. D1/16, Ansari Road, Daryaganj |
| City | New Delhi |
| Postal code | 110002 |
| 300 ## - PHYSICAL DESCRIPTION | |
| Extent | 128 ص |
| Dimensions | 23cm(Hb) |
| 942 ## - ADDED ENTRY ELEMENTS (KOHA) | |
| Source of classification or shelving scheme | Dewey Decimal Classification |
| Item type | Urdu Bks |
| Classification part | 841 |
| Call number suffix | ش ہ و |
No items available.
